000 00437nam a22001697a 4500
003 NUST - PNEC
005 20170116180956.0
008 150911b xxu||||| |||| 00| 0 eng d
020 _a0713135867
040 _cLIBRARY
082 _a005.265 HAH
100 _99269
_aHahn, Brian D.
245 _aPC Basic for beginners
_cBrian D. Hahn
260 _cc 1988
650 _99270
_aBASIC (Computer program language)
_xMIS
942 _2ddc
_cBK
999 _c66553
_d66553